Word Scramble - American Cities - Statistics

General Stats
  • This quiz has been taken 27 times
  • The average score is 14 of 15
Answer Stats
City Answer % Correct
tnsobo Boston
100%
lasadl Dallas
100%
vrende Denver
100%
lahpihpeldai Philadelphia
100%
oixnpeh Phoenix
100%
aampt Tampa
100%
ntaala Atlanta
96%
vssagael LasVegas
96%
irdteto Detroit
92%
pminolsneai Minneapolis
92%
neseowrlan NewOrleans
92%
tletsae Seattle
92%
mbatolrei Baltimore
88%
gdasnieo SanDiego
83%
hlivaseln Nashville
50%
No matching quizzes found
Score Distribution
Percent of People with Each Score
Percentile by Number Answered
Your Score History
You have not taken this quiz